000 00925nam a2200277 a 4500
001 000007969
003 DO-SdBNP
005 20180214095443.0
007 000007969
008 090914s2004 dr 000 0 spa d
040 _aBPMSU
_bspa
_cBPMSU
092 _a808.899282
_bA634c
245 0 0 _aAntología de cuentos famosos de la literatura infantil /
_cSantiago A. Bonilla Meléndez.
250 _a2a. ed.
260 _aSanto Domingo :
_bEditora Búho
_c2009
300 _a225 p. :
_c23 cm.
500 _aIncluye datos biográficos del compilador en la contra cubierta.
650 4 _aLIBROS Y LECTURAS PARA NIÑOS
650 4 _aLITERATURA INFANTIL
_xCOLECCIONES
650 4 _aCUENTOS INFANTILES
_xCOLECCIONES
700 1 _aBonilla Meléndez, Santiago A.,
_ecomp.
910 _aReusar registro
942 _2ddc
_cBK
945 _aRemanejado para la BNPHU / 2018 VM
956 _aVMATEO
_b10
_c20151007
_lBPMSU
_h0069
999 _c7101
_d7101